Mass-customised cities. (Record no. 607868)
[ view plain ]
| 000 -LEADER | |
|---|---|
| fixed length control field | 00642nam a22002177a 4500 |
| 003 - CONTROL NUMBER IDENTIFIER | |
| control field | OSt |
| 005 - DATE AND TIME OF LATEST TRANSACTION | |
| control field | 20240220101222.0 |
| 008 - FIXED-LENGTH DATA ELEMENTS--GENERAL INFORMATION | |
| fixed length control field | 170614t xxu||||| |||| 00| 0 eng d |
| 020 ## - INTERNATIONAL STANDARD BOOK NUMBER | |
| International Standard Book Number | 9781118915646 |
| 040 ## - CATALOGING SOURCE | |
| Transcribing agency | 0 |
| 082 ## - DEWEY DECIMAL CLASSIFICATION NUMBER | |
| Classification number | 016.72 |
| Author Mark | MAS |
| 245 00 - TITLE STATEMENT | |
| Title | Mass-customised cities. |
| Statement of responsibility, etc. | Tom Verebes [Editor] |
| Medium | Vol:85 |
| 260 ## - PUBLICATION, DISTRIBUTION, ETC. | |
| Date of publication, distribution, etc. | 2015 |
| 300 ## - PHYSICAL DESCRIPTION | |
| Extent | 136P.: |
| Other physical details | ill; |
| Dimensions | 28 cm. |
| 440 ## - SERIES STATEMENT/ADDED ENTRY--TITLE | |
| Title | Architectural design |
| Number of part/section of a work | v. 85, no. 6 |
| 9 (RLIN) | 120747 |
| 650 ## - SUBJECT ADDED ENTRY--TOPICAL TERM | |
| Topical term or geographic name entry element | Architecture, Modern |
| 9 (RLIN) | 32028 |
| 650 ## - SUBJECT ADDED ENTRY--TOPICAL TERM | |
| Topical term or geographic name entry element | Mass production |
| 9 (RLIN) | 120748 |
| 650 ## - SUBJECT ADDED ENTRY--TOPICAL TERM | |
| Topical term or geographic name entry element | Computer-aided design |
| 9 (RLIN) | 9509 |
| 700 1# - ADDED ENTRY--PERSONAL NAME | |
| Personal name | Verebes, Tom . |
| Numeration | [Editor] |
| 9 (RLIN) | 120749 |
| 942 ## - ADDED ENTRY ELEMENTS (KOHA) | |
| Source of classification or shelving scheme | |
| Koha item type | Book |
| Institution code [OBSOLETE] | SADA |
| Call number prefix | 016.72 MAS 2015 |
| Withdrawn status | Lost status | Source of classification or shelving scheme | Damaged status | Not for loan | Permanent Location | Current Location | Date acquired | Source of acquisition | Total Checkouts | Full call number | Barcode | Date last seen | Date last checked out | Cost, replacement price | Price effective from | Koha item type |
|---|---|---|---|---|---|---|---|---|---|---|---|---|---|---|---|---|
| School of Art Design and Architecture (SADA) | School of Art Design and Architecture (SADA) | 06/12/2017 | Pak Book | 1 | 016.72 MAS 2015 | SADA0002757 | 09/24/2025 | 09/04/2025 | 3232.32 | 02/20/2024 | Book |
